000 00869nam a2200253Ia 4500
003 OSt
005 20220930200306.0
006 a|||||r|||| 00| 0
007 ta
008 220926b |||||||| |||| 00| 0 eng d
024 _a26062
037 _cDissertations
040 _aCRL
_cCRL
_beng
041 _2eng
_aeng
100 _aGupta Rakesh Kumar
_9531966
110 _aUniversity of Delhi. Faculty of Medical Sciences. Department of Orthopaedics
_9519703
245 0 _aPhenotypic properties of human foetal chondrocytes in tissue culture systems
260 _c1988
650 _aORTHOPEDICS
_9519704
700 _a Vishwakarma G.K. Supervisor
_9564776
700 _aUniversity of Delhi. Faculty of Medical Sciences. Department of Orthopaedics
_9519706
942 _cDIS
_2CC
999 _c900444
_d900444